Southville International School and Colleges
Your cart is empty.
  • Cart
  • Lists
    Public lists Eva Luna New books Lux_list list_1
    Your lists Log in to create your own lists
  • Log in to your account
  • Your cookies
  • Search history
Southville International School and Colleges
  • Advanced search
  • Recent comments
  • Most popular
  • Libraries

Log in to your account

Log in with GOOGLE


If you do not have an external account, but do have a local account, you can still log in:

  1. Home
  2. MARC view: Penelope's perfect purple.
Normal view MARC view ISBD view

Penelope's perfect purple. (Record no. 113659)

[ view plain ]
MARC details
000 -LEADER
fixed length control field 00450nam a2200169 a 4500
001 - CONTROL NUMBER
control field 3578
005 - DATE AND TIME OF LATEST TRANSACTION
control field 20140414132033.0
008 - FIXED-LENGTH DATA ELEMENTS--GENERAL INFORMATION
fixed length control field 040601s19uu xx 00 eng d
050 ## - LIBRARY OF CONGRESS CALL NUMBER
Classification number TR
Item number P37 1987
245 ## - TITLE STATEMENT
Title Penelope's perfect purple.
260 ## - PUBLICATION, DISTRIBUTION, ETC. (IMPRINT)
Place of publication, distribution, etc U.S.A :
Name of publisher, distributor, etc World Book,
Date of publication, distribution, etc 1987.
300 ## - PHYSICAL DESCRIPTION
Extent 1 v. (unp.) : ill. ; cm.
440 ## - SERIES STATEMENT/ADDED ENTRY--TITLE
Title Early world of learning
650 ## - SUBJECT ADDED ENTRY--TOPICAL TERM
Topical term or geographic name as entry element Mixing colors--Fiction.
650 ## - SUBJECT ADDED ENTRY--TOPICAL TERM
Topical term or geographic name as entry element Children stories.
Holdings
Withdrawn status Lost status Damaged status Use restrictions Home library Current library Shelving location Date acquired Source of acquisition Total Checkouts Full call number Barcode Date last seen Price effective from Koha item type
        Munich Library Munich Library Teachers Reference Section 06/01/2004     TR P37 1987 M5264 04/14/2014 04/14/2014 Books

Penelope's perfect purple.

APA

(1987). Penelope's perfect purple. U.S.A: World Book.

Chicago

1987. Penelope's perfect purple. U.S.A: World Book.

Harvard

(1987). Penelope's perfect purple. U.S.A: World Book.

MLA

Penelope's perfect purple. U.S.A: World Book. 1987.

  • Place hold
  • Print
  • Cite
  • Add to your cart (remove)
  • Save record
    BIBTEX Dublin Core MARCXML MARC (non-Unicode/MARC-8) MARC (Unicode/UTF-8) MARC (Unicode/UTF-8, Standard) MODS (XML) RIS
  • More searches
    Search for this title in:
    Other Libraries (WorldCat) Other Databases (Google Scholar) Online Stores (Bookfinder.com) Open Library (openlibrary.org)

Exporting to Dublin Core...

SOUTHVILLE LIBRARY

Southville International School and Colleges Library

1281 Tropical Ave. Cor. Luxembourg St., BF Homes International, Las Pinas City

Tel. No. 8256374 / 252358 Loc. 117/146

Powered by Koha